| 000 | 00455nam a22001577a 4500 | ||
|---|---|---|---|
| 003 | OSt | ||
| 005 | 20151001092910.0 | ||
| 008 | 151001b xxu||||| |||| 00| 0 eng d | ||
| 040 | _cRUA | ||
| 082 | _aAVM អ្នក 1993 B067 Or.1 | ||
| 100 |
_91645 _aអ្នក សុខគន្ធា |
||
| 245 | _aជំម្ងឺរលាកដោះសត្វគោ, | ||
| 260 |
_aphnom penh _bRUA _c1993 |
||
| 300 |
_a72p. _bill. _c29cm. |
||
| 942 |
_2ddc _cAVM |
||
| 999 |
_c1553 _d1553 |
||